Behaviour therapy : techniques, research and applications

Bibliographic Details
Main Author: Jena, SPK
Format: Book
Published: Los Angeles : Sage , 2008
Subjects:

MARC

LEADER 00000cam a2200000 7i4500
001 0000022235
005 20090119.0
020 |a 9780761936244 
040 |a INS 
090 0 0 |a RC489.B4   |b J46 2008 
100 1 |a Jena, SPK 
245 1 0 |a Behaviour therapy :   |b techniques, research and applications   |c SPK Jena 
260 |a Los Angeles :   |b Sage ,   |c 2008 
300 |a xii, 261p. ;   |c 25cm. 
650 0 0 |a Behaviour therapy 
999 |a 0000020409   |b BOOK   |c Open Shelf   |e Default branch